00399nam a2200169Ia 4500003000400000005001700004008004100021020001500062040000700077041000800084082001300092100002100105245004100126260003300167300001600200365001300216OSt20230330162415.0210423s2008 xx 000 0 und d a8174462651 cAL aeng a657 BALN aBALWANI (Nitin). aAccounting and finance for managers. aNew DelhibExcel Booksc2008 axiv,608bPB b310cINR